| 000 | 00944nam a2200193 a 4500 | ||
|---|---|---|---|
| 001 | 32278 | ||
| 005 | 20180713235838.0 | ||
| 008 | 140415s2008 mx 000 0 spa d | ||
| 020 | _a9789706139320 | ||
| 041 | _aspa | ||
| 082 |
_a342.72 _bAND |
||
| 100 | 1 | _aANDRADE SANCHEZ, EDUARDO | |
| 245 | 1 | 0 | _aDERECHO CONSTITUCIONAL |
| 250 | _a1a ed. | ||
| 260 |
_aMEXICO : _bOXFORD, _c2008 |
||
| 300 |
_a571 _c18 x 3.05 x 24 |
||
| 520 | _aESTA OBRA ES RESULTADO TANTO DE LA REFLEXION TEORICA DEL AUTOR COMO DE SU EXPERIENCIA COMO LEGISLADOR EN EL CONGRESO DE LA UNION Y DE SU TRABAJO ACADEMICO. EN 17 CAPITULOS ANDRADE ABARCA TODOS LOS TEMAS DEL PROGRAMA DE LA MATERIAL. PRIMERO EXPONE LA TEORIA CONSTITUCIONAL Y EN SEGUIDA ABORDA LA ESTRUCTURA Y ORGANIZACION DEL ESTADO MEXICANO QUE SON REGIDAS POR LA CONSTITUCION POLITICA DE LOS ESTADOS UNIDOS MEXICANOS, LA CUAL ES ANALIZADA MINUCIOSAMENTE. | ||
| 650 | 1 | 4 | _aDERECHO CONSTITUCIONAL |
| 999 |
_c32278 _d32278 |
||